Former Clubs Of Current Juventus Players - Statistics

General Stats
  • This quiz has been taken 707 times
  • The average score is 13 of 22
Answer Stats
Name Former Club % Correct
Gianluigi Buffon Parma
97%
Dani Alves Barcelona
82%
Patrice Evra Manchester United
77%
Gonzalo Higuain Napoli
77%
Paulo Dybala Palermo
76%
Sami Khedira Real Madrid
75%
Miralem Pjanic AS Roma
74%
Juan Cuadrado Chelsea
70%
Medhi Benatia Bayern Munich
67%
Alex Sandro Porto
61%
Mario Mandzukic Atletico Madrid
57%
Giorgio Chiellini Fiorentina
57%
Neto Fiorentina
55%
Hernanes Inter Milan
52%
Andrea Barzagli Wolfsburg
51%
Daniele Rugani Empoli
48%
Leonardo Bonucci Bari
47%
Stefano Sturaro Genoa
47%
Stephan Lichtsteiner Lazio
46%
Marko Pjaca Dinamo Zagreb
45%
Kwadwo Asamoah Udinese
45%
Mario Lemina Marseille
27%
No matching quizzes found
Score Distribution
Percent of People with Each Score
Percentile by Number Answered
Your Score History
You have not taken this quiz